Normal view
MARC view
Entry Personal Name
001 - CONTROL NUMBER
- control field: 20390
003 - CONTROL NUMBER IDENTIFIER
- control field: ARRUPE
005 - DATE AND TIME OF LATEST TRANSACTION
- control field: 20151020150946.0
008 - FIXED-LENGTH DATA ELEMENTS
- fixed length control field: 151020|| aca||aabn | a|a d
040 ## - CATALOGING SOURCE
- Original cataloging agency: ARRUPE
- Transcribing agency: ARRUPE
100 ## - HEADING--PERSONAL NAME
- Personal name: Torrance, Thomas F.
- Fuller form of name: (Thomas Forsyth),
- Dates associated with a name: 1913-2007.
670 ## - SOURCE DATA FOUND
- Source citation: Work cat.: (ARRUPE)0: Barth, Karl, 1886-1968. 12885, Church dogmatics /, c2004-